Avengers: Infinity War Quotes Quiz - Statistics

General Stats
  • This quiz has been taken 949 times
    947 since last reset
  • The average score is 17 of 29
Answer Stats
Quote Character % Correct
I'll do YOU one better. WHY is Gamora? Drax
96%
Who are you kidding, Quill? You're one sandwich away from fat. Rocket Raccoon
93%
Oh, what master do I serve? What am I supposed to say, Jesus? Starlord
92%
I assure you, brother, the sun will shine on us again. Loki
91%
Evacuate the city, engage all defences and get this man a shield. Black Panther
90%
I am Groot. Groot
85%
Uh, he's from space, he came here to steal a necklace from a wizard. Iron Man
78%
You're strong. Me. You're generous. Me. But I never taught you to lie. That's why you're so bad at it. Thanos
72%
Thanos is just the latest of a long line of bastards, and he'll be the latest to feel my vengeance - fate wills it so. Thor
72%
A lifetime ago, I too sought the stones. I even held one in my hand. But it cast me out, banished me here, guiding others to a treasure I cannot possess. Red Skull
70%
There's an Ant-Man AND a Spider-Man? Bruce Banner
64%
Not for sale. Bucky Barnes
62%
What's the matter with you kids? You've never seen a spaceship before? Stan Lee
62%
I'm not looking for forgiveness, and I'm way past asking permission. Earth just lost her best defender, so we're here to fight. If you wanna stand in our way, we'll fight you too. Captain America
58%
I always hated that chair. Gamora
57%
Allfather, let the Dark Magic flow through me one last time... Heimdall
56%
The Olympics, maybe even a Starbucks. Okoye
55%
WE'RE ALL GONNA DIE! Ned
51%
We don't want to kill you, but we will. Black Widow
49%
Then I will take it off your corpse. Ebony Maw
44%
This could be the end of Wakanda. M'Baku
36%
I wouldn't say no to a tuna melt. Wong
36%
Yes. That's what... killing you means. Eitri
35%
That's too high a price. Scarlet Witch
32%
Only you have the power to pay it. Vision
32%
He will pay for his life with yours. Thanos will have that stone. Proxima Midnight
29%
The world's on fire and you think all is forgiven? Thaddeus Ross
26%
What is this? What the hell is happening? War Machine
17%
Death follows him like a shadow. Mantis
13%
No matching quizzes found
Score Distribution
Percent of People with Each Score
Percentile by Number Answered
Your Score History
You have not taken this quiz since the last reset